| 000 | 00706nam a2200253 a 4500 | ||
|---|---|---|---|
| 001 | adlib96000001 | ||
| 003 | ViArRB | ||
| 005 | 200902210153555.7 | ||
| 008 | 960221s1955 dcuabcdjdbkoqu001 0deng d | ||
| 020 | _a | ||
| 022 | _a | ||
| 040 | _aAdlib | ||
| 082 | _a547 | ||
| 245 | _aRodd's chemistry of carbon compounds | ||
| 250 | _a2nd ed. | ||
| 260 |
_aAmsterdam _bElsevier _c1978 |
||
| 300 |
_aV.1D _c |
||
| 500 | _a | ||
| 100 |
_aRodd, E H _eed. by |
||
| 700 |
_a _a |
||
| 942 | _cBK | ||
| 653 |
_aPhysical organic chemistry _aOrganic chemistry _aOrganic reactions _aCarbon compounds |
||
| 952 |
_w2010-06-16 _p00014598 _r2010-06-16 _40 _00 _bUL _10 _o547 ROD.1D _d2010-06-16 _70 _yBK _aUL |
||
| 999 |
_c15507 _d15506 |
||